Estrategia pedagógica en educación ambiental desde la cosmovisión de los pueblos afrocolombianos, municipio de Dibulla, La Guajira: (Registro nro. 17879)

Detalles MARC
000 -CABECERA
Campo de control 00811nam a22001937a 4500
005 - FECHA Y HORA DE LA ULTIMA TRANSACCION
Campo de control 20151127020913.0
008 - ELEMENTOS DE LONGITUD FIJA—INFORMACION GENERAL
Campo de control 151127b ck ||||br|||| 00| 0 spa d
040 ## - FUENTE DE CATALOGACIÓN
Agencia catalogadora original CO-BoIAVH
Agencia transcriptora CO-BoIAVH
041 0# - IDIOMA
Código de idioma para texto/pista de sonido o título separado Español
044 ## - PAÍS DE PUBLICACIÓN
País de publicación Colombia
090 ## - CLASIFICACIÓN LOCAL
Colección EA-
Consecutivo 322
245 10 - MENCION DE TITULO
Título Estrategia pedagógica en educación ambiental desde la cosmovisión de los pueblos afrocolombianos, municipio de Dibulla, La Guajira:
Parte restante del título Las historias del viejo Lucho
260 3# - PUBLICACION, DISTRIBUCION, ETC. (PIE DE IMPRENTA)
Lugar de publicación, distribución, etc. Colombia?:
Nombre del editor, distribuidor, etc. Corpoguajira,
-- Fundación Guajira,
Fecha de publicación, distribución, etc. 2015?.
300 ## - DESCRIPCION FISICA
Extensión 23 páginas :
Otros detalles físicos ilustraciones, fotografías y tablas a color ;
Dimensiones 28 x 22 cm.
650 #6 - ASIENTO SECUNDARIO DE MATERIA - TERMINO TEMATICO
Término temático o nombre geográfico como elemento de entrada Educación ambiental
Subdivisión geográfica Guajira (Departamento, Colombia)
9 (RLIN) 43303
650 #6 - ASIENTO SECUNDARIO DE MATERIA - TERMINO TEMATICO
Término temático o nombre geográfico como elemento de entrada Biodiversidad
Subdivisión general Conservación
Subdivisión geográfica Guajira (Departamento, Colombia)
9 (RLIN) 43304
710 2# - ASIENTO SECUNDARIO - NOMBRE CORPORATIVO
Nombre corporativo o de jurisdicción como elemento de entrada Corpoguajira
9 (RLIN) 24589
942 ## - ELEMENTOS ADICIONALES (KOHA)
Sistema de clasificación Local
Tipo de ítem Folleto
Existencias
Withdrawn status Lost status Sistema de Clasificación Damaged status No para préstamo Colección Inventariado Ubicación Permanente Ubicación actual Fecha de adquisición Total Checkouts Número topográfico Inventario / Código de Barras Date last seen Ejemplar Price effective from Forma de adquisición Tipo de material
    Local   Procesos Técnicos Educación Ambiental Inventariado 2017 Sala Fabio Quevedo Sala Fabio Quevedo 27/11/2015   EA-322 039489 27/11/2015 Ej. 1 27/11/2015   Folleto